[Event "Munich ZMD"]
[Site "?"]
[Date "2002.11.13"]
[Round "5"]
[White "Paehtz, Elisabeth"]
[Black "Kasparov, Garry"]
[Result "0-1"]
[WhiteElo "2349"]
[BlackElo "2838"]
[PlyCount "68"]
[SourceDate "2002.11.16"]

1. e4 c5 2. Nf3 e6 3. d4 cxd4 4. Nxd4 a6 5. Bd3 Bc5 6. Nb3 Ba7 7. Qg4 Nf6 8.
Qg3 d6 9. Nc3 Nc6 10. Bd2 Ne5 11. f4 Nxd3+ 12. cxd3 O-O 13. Be3 b5 
14. Bxa7 Rxa7 15. O-O Rc7 16. Rac1 Bb7 17. a3 Qe7 18. Kh1
Rfc8 19. Nd4 Nd7 20. Rce1 Kh8 21. Qh3 Nf6 22. e5 dxe5 23. fxe5 Nd7 24. Rf4 Nf8
25. Nf3 Ng6 26. Rg4 h6 27. d4 Rxc3 28. bxc3 Rxc3 29. Rg3 Qxa3 30. Ng5 Rc1 31.
Nxf7+ Kg8 32. Nxh6+ Kf8 33. Rge3 Rxe1+ 34. Rxe1 Qxh3 0-1